Rural report points to a poor quality of life (Record no. 75914)

MARC details
000 -LEADER
fixed length control field 01144cab a2200193 4500
001 - CONTROL NUMBER
control field L131041
008 - FIXED-LENGTH DATA ELEMENTS--GENERAL INFORMATION
fixed length control field 050922n2005 000 0 eng u
035 ## - SYSTEM CONTROL NUMBER
System control number (Sirsi) u131041
041 0# - LANGUAGE CODE
Language code of text/sound track or separate title eng
100 1# - MAIN ENTRY--PERSONAL NAME
Personal name Baker, Chris
245 ## - TITLE STATEMENT
Title Rural report points to a poor quality of life
260 ## - PUBLICATION, DISTRIBUTION, ETC.
Date of publication, distribution, etc. 2005
490 ## - SERIES STATEMENT
Series statement Axis
Volume/sequential designation 59 September/October 2005,8-9(2)
520 ## - SUMMARY, ETC.
Summary, etc. Reviews the Commission for Rural Communities' report "State of the countryside 2005" which is its most detailed to date. Reveals that the quality of life in rural England is continuing to decline because of insufficient housing, inadequate transport and access to services, and disadvantages country dwellers in comparison with urban residents The report will be fed into the work of the government Affordable Rural Housing Commission. Concludes that the gap between town and country will continue to widen.
590 ## - LOCAL NOTE (RLIN)
Local note IKA270905
690 ## - LOCAL SUBJECT ADDED ENTRY--TOPICAL TERM (OCLC, RLIN)
Topical term or geographic name as entry element PROPERTY-RURAL AND NATURAL ASSETS-RURAL AND NATURAL ASSET DEVELOPMENT
856 41 - ELECTRONIC LOCATION AND ACCESS
Uniform Resource Identifier <a href="https://www.ruralcommunities.gov.uk/article.asp?aID=56&pID=1">https://www.ruralcommunities.gov.uk/article.asp?aID=56&pID=1</a>
Public note View the report free of charge at www.ruralcommunities.gov.uk...
942 ## - ADDED ENTRY ELEMENTS (KOHA)
Suppress in OPAC 0
Holdings
Withdrawn status Lost status Source of classification or shelving scheme Damaged status Not for loan Home library Current library Shelving location Date acquired Total Checkouts Full call number Barcode Date last seen Copy number Price effective from Koha item type
    Dewey Decimal Classification     London London Journal article 22/09/2005   L131041 131041-1001 06/08/2019 1 06/08/2019 Journal article